000 00563nam a2200169 4500
008 160413b xxu||||| |||| 00| 0 eng d
020 _a9710869701
082 _22009
_aDFil 346.015
_bN79f
100 _95407
_aNolledo, Jose N.
245 _aThe family code of the Philippines:
_bannotated/
_cJose N. Nolledo.
250 _a2009 Revised Edeition
260 _aManila:
_bNational Book Store,
_cc2009.
300 _axvi, 825 pages;
_c22 cm.
650 0 _95406
_aFamily code
_zPhilippines
650 0 _95408
_aDomestic relations
_zPhilippines
942 _2ddc
_cBK
999 _c1707
_d1707